<?xml version="1.0" encoding="UTF-8"?>
<record
    xmlns:xsi="http://www.w3.org/2001/XMLSchema-instance"
    xsi:schemaLocation="http://www.loc.gov/MARC21/slim http://www.loc.gov/standards/marcxml/schema/MARC21slim.xsd"
    xmlns="http://www.loc.gov/MARC21/slim">

  <leader>04064    a2200217   4500</leader>
  <controlfield tag="001">54105</controlfield>
  <controlfield tag="005">20260407155811.0</controlfield>
  <controlfield tag="008">260407a1976    arg                 spa d</controlfield>
  <controlfield tag="003">AR-UNSa-BCEJYS</controlfield>
  <datafield tag="040" ind1=" " ind2=" ">
    <subfield code="a">AR-UNSa-BCEJYS</subfield>
    <subfield code="b">spa</subfield>
    <subfield code="c">AR-UNSa-BCEJYS</subfield>
  </datafield>
  <datafield tag="080" ind1=" " ind2=" ">
    <subfield code="a">330.101.542</subfield>
    <subfield code="x">Microeconom&#xED;a</subfield>
  </datafield>
  <datafield tag="245" ind1="1" ind2="0">
    <subfield code="a">Lecturas de microeconom&#xED;a por economistas Argentinos</subfield>
  </datafield>
  <datafield tag="264" ind1=" " ind2="1">
    <subfield code="a">Buenos Aires :</subfield>
    <subfield code="b">El Coloquio</subfield>
    <subfield code="c">1976</subfield>
  </datafield>
  <datafield tag="300" ind1=" " ind2=" ">
    <subfield code="a">888 p.</subfield>
    <subfield code="c">21 cm.</subfield>
  </datafield>
  <datafield tag="505" ind1=" " ind2=" ">
    <subfield code="a">Parte I: Art&#xED;culos te&#xF3;ricos - 1. Sobre la estabilidad de mercados m&#xFA;ltiples - 2. Bienes complementarios y sustitutos de Hicks - 3. La firma y sus decisiones&#xF3;ptimas en el tiempo: Inventarios y capital fijo - 4. An&#xE1;lisis te&#xF3;rico de los efectos de la intermediaci&#xF3;n comercial.El caso de la industria del autom&#xF3;vil en Argentina - 5. Renta de la tierra y asignaci&#xF3;n de recursos - 6. Consideraciones acerca del teorema de Coase(un enfoque matem&#xE1;tico) - 7. Un teorema sobre la relaci&#xF3;n entre la estabilidad Hicksiana y la verdadera estabilidad din&#xE1;mica - 8. El impuesto a la tierra: su impacto potencial sobre la producci&#xF3;n agropecauria - 9. Relaci&#xF3;n entre funciones de producci&#xF3;n y funciones de costo en competencia perfecta - 10. Monopolio y tarifas de importaci&#xF3;n - 11. La eficacia marginal del capital y la teor&#xED;a de la firma - 12. Nota sobre el significado econ&#xF3;mico de la ecuaci&#xF3;n de Pereto - 13. Una comparaci&#xF3;n de modelos de conducta sindical - 14. La edad &#xF3;ptima de faena y la oferta de bovinos en la Argentina - 15. Modelos de optimizaci&#xF3;n din&#xE1;mica para la firma que maximiza ventas - 16. Una exposici&#xF3;n sobre problemas habituales en la estimaci&#xF3;n de funciones de demanda - 17. Las ampliaciones de capacidad en los servicios el&#xE9;ctricos - 18. Conjuntos de Producci&#xF3;n Bernoullianos - 19. Teor&#xED;a econ&#xF3;mica y sistema cooperativo - 20. Cooperaci&#xF3;n del equilibrio competitivo y monop&#xF3;lico - 21. La teor&#xED;a dee la demanda con preferencias lexicogr&#xE1;ficas - An&#xE1;lisis cr&#xED;tico de un caso de oligopsonio - 22. "Precios de transferencia" como instrumentos de asignaci&#xF3;n de recursoso en la firma multinacional - 23. Un teorema de valor-trabajo para el modelo abierto de Leontief en el contexto de la programaci&#xF3;n lineal - Parte II: Art&#xED;culos Emp&#xED;ricos - 24. Resultados de la aplicaci&#xF3;n de un modelo de telara&#xF1;a para el tomate en la provincia de Mendoza - 25. Respuestas a los precios de las &#xE1;reas sembradas con hortalizas en la provincia de Mendoza - 26. Oferta de tierras para cultivos de girasol en la Argentina - 27. Estimaci&#xF3;n de funciones de costo de generaci&#xF3;n de electricidad - 28. Funciones de oferta en el sector agropecuario argentino:trigo,ma&#xED;z y carne vacuna - 29. Sustituci&#xF3;n de importaciones y formaci&#xF3;n de capital(la industria textil:1920-1940) - 30. La demanda de acero en la Argentina: Un an&#xE1;lisis econom&#xE9;trico(1939-1963) - 31. Determinaci&#xF3;n de costos marginales para la industria del vino - 32. Un modelo para estudiar la tendencia del precio relativo del az&#xFA;car argentino - 33. Productividad y ocupaci&#xF3;n en la producci&#xF3;n de az&#xFA;car en Tucum&#xE1;n - 34. Poder adquisitivo,veda y sustitutos:un reexamen de la demanda interna de carne vacuna en la Argentina - 35. Endeudamiento y rentabilidad en empresas multinacionales - 36. Concentraci&#xF3;n y trabajo asalariado en la industria manufacturera argentina(1953-1963) - 37. Los servicios en el &#xED;ndice de costo de vida de Buenos Aires - 38. An&#xE1;lisis y perspectivas de lso mercados para el az&#xFA;car argentino - 39. Algunos resultados econom&#xE9;tricos sobre la demanda de vino - Parte III: Notas - 40. Elasticidad de la demanda y monopolio - 41. Sobre la consistencia entre la definici&#xF3;n y los ejemplos de bienes sustitutos y complementarios - 42. C&#xF3;mo reparar un cable econ&#xF3;micamente:un problema de minimizaci&#xF3;n de costo - 43. Un caso de equilibrio m&#xFA;ltiple en el monopolio simple - 44. Teorema fundamental sobre las funciones de producci&#xF3;n generalizadas</subfield>
  </datafield>
  <datafield tag="041" ind1=" " ind2=" ">
    <subfield code="a">spa</subfield>
  </datafield>
  <datafield tag="942" ind1=" " ind2=" ">
    <subfield code="c">BK</subfield>
  </datafield>
  <datafield tag="590" ind1=" " ind2=" ">
    <subfield code="a">niveau_biblio:m niveau_hierar:0</subfield>
  </datafield>
  <datafield tag="100" ind1="1" ind2=" ">
    <subfield code="a">Pablo, Juan Carlos de</subfield>
  </datafield>
  <datafield tag="700" ind1="1" ind2=" ">
    <subfield code="a">Tow, Fernando V&#xED;ctor</subfield>
  </datafield>
  <datafield tag="999" ind1=" " ind2=" ">
    <subfield code="c">5352</subfield>
    <subfield code="d">5352</subfield>
  </datafield>
  <datafield tag="952" ind1=" " ind2=" ">
    <subfield code="0">0</subfield>
    <subfield code="1">0</subfield>
    <subfield code="4">0</subfield>
    <subfield code="7">0</subfield>
    <subfield code="a">BCEJYS</subfield>
    <subfield code="b">BCEJYS</subfield>
    <subfield code="c">16</subfield>
    <subfield code="d">2026-04-07</subfield>
    <subfield code="l">0</subfield>
    <subfield code="o">330.101.542 P111</subfield>
    <subfield code="p">L13311</subfield>
    <subfield code="r">2026-04-07 15:58:11</subfield>
    <subfield code="w">2026-04-07</subfield>
    <subfield code="y">L</subfield>
  </datafield>
</record>
